书目信息 |
| 题名: |
信息助推,或适得其反
|
|
| 作者: | 桑斯坦 著 ;杨帅华 译 | |
| 分册: | ||
| 出版信息: | 上海 格致出版社 2024.02 |
|
| 页数: | 10,187页 | |
| 开本: | 23cm | |
| 丛书名: | ||
| 单 册: | ||
| 中图分类: | G201 | |
| 科图分类: | ||
| 主题词: | 信息学--研究 | |
| 电子资源: | ||
| ISBN: | 978-7-5432-3454-3 | |
| 000 | 01122nam0 2200253 450 | |
| 001 | 012488035 | |
| 005 | 20251022185658.64 | |
| 010 | @a978-7-5432-3454-3@dCNY65.00 | |
| 100 | @a20240422d2024 em y0chiy0120 ea | |
| 101 | 1 | @achi@ceng |
| 102 | @aCN@b310000 | |
| 105 | @aa z 000yy | |
| 106 | @ar | |
| 200 | 1 | @a信息助推,或适得其反@9xin xi zhu tui , huo shi de qi fan@e为什么知道的并非越多越好?@dToo much information@eunderstanding what you don't want to know@f(美)卡斯·R. 桑斯坦(Cass R. Sunstein)著@g杨帅华译@zeng |
| 210 | @a上海@c格致出版社@c上海人民出版社@d2024.02 | |
| 215 | @a10,187页@c图@d23cm | |
| 330 | @a本书卡斯d4桑斯坦教授将行为经济学洞察引入对公共信息披露的研究,揭示出信息的情绪维度,呼吁公共政策关注人们对信息的情绪反应,更全面地看待信息的福利影响,重新思考信息披露的利弊。 | |
| 510 | 1 | @aToo much information@eunderstanding what you don't want to know@zeng |
| 606 | 0 | @a信息学@x研究 |
| 690 | @aG201@v5 | |
| 701 | 0 | @c(美)@a桑斯坦@9sang si tan@c(Sunstein, Cass R.@f1954-)@4著 |
| 702 | 0 | @a杨帅华@9yang shuai hua@4译 |
| 801 | 0 | @aCN@c20250910 |
| 905 | @a河南城建学院图书馆@dG201@eS034@ZS034@f1 | |
| 信息助推,或适得其反:为什么知道的并非越多越好?=Too much information:understanding what you don't want to know/(美)卡斯·R. 桑斯坦(Cass R. Sunstein)著/杨帅华译.-上海:格致出版社:上海人民出版社,2024.02 |
| 10,187页:图;23cm |
| ISBN 978-7-5432-3454-3:CNY65.00 |
| 本书卡斯d4桑斯坦教授将行为经济学洞察引入对公共信息披露的研究,揭示出信息的情绪维度,呼吁公共政策关注人们对信息的情绪反应,更全面地看待信息的福利影响,重新思考信息披露的利弊。 |
| ● |
| 相关链接 |
|
|
|
正题名:信息助推,或适得其反
索取号:G201/S034
 
预约/预借
| 序号 | 登录号 | 条形码 | 馆藏地/架位号 | 状态 | 备注 |
| 1 | 1633497 | 216334973 | 社科库409/409社科库 56排6列3层/ [索取号:G201/S034] | 在馆 |